000 00466nam a2200133Ia 4500
008 100328s9999 xx 000 0 und d
082 _b7089
100 _aकदम राजाराम बाबुराव
245 _aम्हातारपणचे चाळे
260 _bआदर्श बुक डेपो
630 _aम्हातारपणचे चाळे
730 _aम्हातारपणचे चाळे
942 _cBOOK
999 _c502944
_d502941